Loading...
| Geography | 5 | 2 | 1 | 0 | 90 | 56 | 74.43 | 3 | 6 | 0.00 | 0.00 |
| History - Ancient/Other | 0 | 7 | 0 | 3 | 70 | 70 | 125.00 | 3 | 5 | 0.00 | 0.00 |
| Religion | 0 | 5 | 1 | 2 | 45 | 104 | 126.20 | 2 | 4 | 0.00 | 0.00 |
| History - European | 2 | 1 | 1 | 1 | 35 | 51 | 81.00 | 1 | 3 | 0.00 | 0.00 |
| Fine Arts - Other | 1 | 2 | 0 | 0 | 35 | 57 | 114.00 | 1 | 2 | 0.00 | 0.00 |
| Social Science | 0 | 3 | 0 | 2 | 30 | 118 | 130.67 | 0 | 2 | 0.00 | 0.00 |
| Mythology | 0 | 3 | 0 | 0 | 30 | 109 | 129.00 | 0 | 3 | 0.00 | 0.00 |
| Fine Arts - Auditory | 1 | 1 | 0 | 0 | 25 | 53 | 101.00 | 1 | 2 | 0.00 | 0.00 |
| Current Events | 0 | 2 | 0 | 0 | 20 | 86 | 103.50 | 0 | 0 | 0.00 | 0.00 |
| History - World | 0 | 2 | 1 | 0 | 15 | 106 | 113.00 | 0 | 2 | 0.00 | 0.00 |
| History - American | 0 | 2 | 1 | 0 | 15 | 95 | 100.50 | 1 | 1 | 0.00 | 0.00 |
| Literature - American | 0 | 1 | 0 | 0 | 10 | 101 | 101.00 | 1 | 1 | 0.00 | 0.00 |
| Fine Arts - Visual | 0 | 1 | 0 | 0 | 10 | 119 | 119.00 | 1 | 1 | 0.00 | 0.00 |
| Literature - British | 0 | 1 | 0 | 0 | 10 | 120 | 120.00 | 0 | 0 | 0.00 | 0.00 |
| Literature - World | 0 | 0 | 0 | 0 | 0 | 0.00 | 0 | 0 | 0.00 | 0.00 | |
| Science - Chemistry | 0 | 0 | 1 | 0 | -5 | 0.00 | 0 | 0 | 0.00 | 0.00 |